02733cam a22003378i 450000100090000000300090000900500170001800800410003502000180007604000380009408200220013210000270015424500580018125000200023926400360025930000540029533600260034933700280037533800270040350400510043052014070048165000310188865000330191965300240195265500170197677601720199390600450216594200120221099900170222295201560223923362934EG-ScBUE20250223102532.0231026s2024 flua f b 001 0 eng d a9781032461779 aDLCbengerdacDLCdDLCdEG-ScBUE04a579.3135222bSNY1 aSnyder, Lori,eauthor.10aBacterial genetics and genomics /cLori A. S. Snyder. aSecond edition. 1aBoca Raton :bCRC Press,c2024. axxviii, 415 pages :bcolor illustrations ;c30 cm atextbtxt2rdacontent aunmediatedbn2rdamedia avolumebnc2rdacarrier aIncludes bibliographical references and index. a"Understanding of bacterial genetics and genomics is fundamental to understanding bacteria and higher organisms, as well. Novel insights in the fields of genetics and genomics are challenging the once clear borders between the characteristics of bacteria and other life. Biological knowledge of the bacterial world is being viewed under a new light with input from genetic and genomics. Replication of bacterial circular and linear chromosomes, coupled (and uncoupled) transcription and translation, multiprotein systems that enhance survival, wide varieties of ways to control gene and protein expression, and a range of other features influence the diversity of the microbial world. This text acknowledges that readers have varied knowledge of genetics and microbiology. Therefore, information is presented progressively, to enable all readers to understand the more advanced material in the book. This second edition of Bacterial Genetics and Genomics updates the information from the first edition with advances made over the past five years. This includes descriptions for 10 types of secretion systems, bacteria that can be seen with the naked eye, and differences between coupled transcription-translation and the uncoupled runaway transcription in bacteria. Topic updates include advances in bacteriophage therapy, biotechnology, and understanding bacterial evolution"--cProvided by publisher. 7aBacterial genetics.2BUEsh 7aBacteriaxPhysiology.2BUEsh cFebruary2025bPPhrm vReading book08iOnline version:aSnyder, Lori.tBacterial genetics and genomicsbSecond edition.dBoca Raton : CRC Press, Taylor & Francis Group, 2024z9781003380436w(DLC) 2023040586 a7bcbccorignewd1eecipf20gy-gencatlg 2ddccBB c30910d30881 00102ddc40708AlahramaMAINbMAINc1STd2025-02-23ePurchaseg2899.00h154l0o579.3135 SNYp000057273r2025-07-15 00:00:00v3624.00w2025-02-23yBB